[Event "Women's Speed Chess Q7"]
[Site "chess.com INT"]
[Date "2021.06.06"]
[Round "13"]
[White "Zaksaite, Salomeja"]
[Black "Obregon Garcia, Roxangel"]
[Result "0-1"]
[WhiteTitle "WIM"]
[BlackTitle "WIM"]
[WhiteElo "2202"]
[BlackElo "2167"]
[WhiteFideId "12801496"]
[BlackFideId "3520420"]
[EventDate "2021.06.06"]

1. g3 d5 2. Bg2 Nf6 3. b3 e6 4. Bb2 c6 5. e3 Be7 6. Ne2 O-O 7. d3 Nbd7 8. Nd2 e5
9. O-O b6 10. c4 Bb7 11. a3 Rc8 12. h3 c5 13. cxd5 Bxd5 14. Nf3 Qc7 15. Nc3 Bc6
16. Rc1 Qb7 17. Nh4 Bxg2 18. Nxg2 Rfd8 19. Qe2 Nf8 20. Nh4 Ne6 21. Nf5 Bf8 22.
f3 g6 23. Nh4 Bg7 24. Ne4 Nd5 25. f4 exf4 26. Bxg7 Kxg7 27. gxf4 f5 28. Ng3 Qf7
29. Nf3 Re8 30. Ne5 Qf6 31. Kh2 Rcd8 32. Rg1 Ndxf4 33. exf4 Nxf4 34. Qf3 Qxe5
35. Qxf4 Qxf4 36. Rcf1 Qc7 37. Kh1 Kh8 38. Rf2 Rxd3 0-1

[Event "Women's Speed Chess Q7"]
[Site "chess.com INT"]
[Date "2021.06.06"]
[Round "13"]
[White "Gevorgyan, Maria"]
[Black "Ortiz Verdezoto, Anahi"]
[Result "0-1"]
[WhiteTitle "WGM"]
[BlackTitle "WIM"]
[WhiteElo "2219"]
[BlackElo "2013"]
[WhiteFideId "13300270"]
[BlackFideId "3614581"]
[EventDate "2021.06.06"]

1. e4 e5 2. Nf3 d6 3. d4 exd4 4. Nxd4 g6 5. Nc3 Bg7 6. Be3 Nf6 7. f3 O-O 8. Be2
Re8 9. O-O d5 10. exd5 Rxe3 11. Qd2 Re8 12. Rad1 Nxd5 13. Nb3 c6 14. Ne4 Qb6+
15. Kh1 Ne3 16. Nd6 Nxf1 17. Bxf1 Rd8 18. c4 Be6 19. c5 Qc7 20. Qf4 Bxb3 21.
axb3 b5 22. Re1 Na6 23. Qh4 Bf8 24. Ne4 Bg7 25. b4 Re8 26. Rd1 Rad8 27. Ra1 Nxb4
28. Nd6 Rxd6 29. cxd6 Qxd6 30. h3 Nd5 31. Rd1 Qe6 32. Kg1 Ne3 33. Re1 Qd7 34.
Kh1 Nxf1 35. Rxf1 Bxb2 36. f4 Bg7 37. f5 gxf5 38. Qg5 Re5 39. h4 h6 40. Qg3 Qe7
41. Rd1 Re3 42. Qf2 f4 43. Rc1 f3 44. Rxc6 fxg2+ 45. Kg1 Re1+ 46. Kxg2 Qe4+ 47.
Qf3 Re2+ 48. Kg3 Re3 49. Rc8+ Kh7 0-1

[Event "Women's Speed Chess Q7"]
[Site "chess.com INT"]
[Date "2021.06.06"]
[Round "13"]
[White "Head, Louise"]
[Black "Zaichenko, Daria"]
[Result "1-0"]
[WhiteTitle "WFM"]
[BlackTitle "WFM"]
[WhiteElo "2090"]
[BlackElo "2104"]
[WhiteFideId "424773"]
[BlackFideId "4197453"]
[EventDate "2021.06.06"]

1. d4 d5 2. c4 e6 3. Nc3 Be7 4. cxd5 exd5 5. Nf3 Nf6 6. Bg5 h6 7. Bh4 O-O 8. Qc2
c6 9. e3 Ne4 10. Bxe7 Qxe7 11. Bd3 f5 12. Ne5 Rf6 13. O-O-O Nd7 14. Nxd7 Bxd7
15. Kb1 b5 16. f3 Nxc3+ 17. bxc3 b4 18. Rhe1 bxc3 19. Qxc3 Rb8+ 20. Ka1 Qb4 21.
Qxb4 Rxb4 22. Rb1 Rxb1+ 23. Kxb1 Rf8 24. Kc2 Rb8 25. Rc1 g6 26. Kd2 Rb2+ 27. Rc2
Rxc2+ 28. Kxc2 Kf7 29. g3 Ke6 30. Kc3 Kd6 31. Kb4 Bc8 32. Ka5 c5 33. dxc5+ Kxc5
34. Bb5 g5 35. Ba6 Bd7 36. Bb7 d4 37. exd4+ Kxd4 38. Ka6 Kc5 39. Kxa7 Kb4 40.
Bd5 Bb5 41. Kb7 Be2 42. Kc6 g4 43. fxg4 Bxg4 44. Kd6 Ka3 45. Ke5 h5 46. Kf6 Ka4
47. Kg5 Ka3 48. Be6 Bd1 49. Bxf5 Kxa2 50. Bg6 Kb3 51. Bxh5 Bc2 52. Bg6 Bd1 53.
h4 Kc4 54. h5 Kd5 55. h6 Ke6 56. h7 1-0

[Event "Women's Speed Chess Q7"]
[Site "chess.com INT"]
[Date "2021.06.06"]
[Round "13"]
[White "Grineva, Marianna"]
[Black "Zhuravleva, Olga"]
[Result "1-0"]
[WhiteTitle "WFM"]
[BlackTitle "WIM"]
[WhiteElo "2029"]
[BlackElo "2278"]
[WhiteFideId "14102013"]
[BlackFideId "4145933"]
[EventDate "2021.06.06"]

1. e4 e5 2. f4 Bc5 3. Nf3 d6 4. c3 Nc6 5. Bb5 Nf6 6. d4 exd4 7. cxd4 Bb4+ 8. Bd2
Bxd2+ 9. Nbxd2 O-O 10. O-O Bg4 11. Bxc6 bxc6 12. h3 Bxf3 13. Qxf3 Rb8 14. b3 h6
15. Rad1 Qc8 16. Kh1 Qa6 17. a4 Qb6 18. e5 Nd5 19. Qd3 Qb4 20. Rf3 Rfe8 21. Rdf1
Rbd8 22. Nc4 Nb6 23. Ne3 Nd5 24. Nf5 c5 25. Rg3 g6 26. Nxh6+ Kf8 27. Rxg6 fxg6
28. Qxg6 Rd7 29. Qg8+ Ke7 30. Qxd5 dxe5 31. Qxe5+ Kd8 32. Qg5+ Kc8 33. dxc5 Qxb3
34. Qg4 Qd5 35. Nf5 Qxc5 36. Rd1 Rxd1+ 37. Qxd1 Qxf5 38. Qf3 Qd7 39. Kh2 Kd8 40.
Qh5 1-0

[Event "Women's Speed Chess Q7"]
[Site "chess.com INT"]
[Date "2021.06.06"]
[Round "13"]
[White "Tarasova, Viktoriya"]
[Black "Golubenko, Valentina"]
[Result "0-1"]
[WhiteTitle "WIM"]
[BlackTitle "WGM"]
[WhiteElo "2226"]
[BlackElo "2209"]
[WhiteFideId "4175840"]
[BlackFideId "4501993"]
[EventDate "2021.06.06"]

1. d4 Nf6 2. c4 g6 3. Nc3 Bg7 4. e4 c5 5. d5 d6 6. Bd3 O-O 7. Nge2 e6 8. O-O
exd5 9. exd5 a6 10. a4 Nbd7 11. h3 Ne5 12. Ng3 Rb8 13. Be2 Bd7 14. Be3 b5 15.
axb5 axb5 16. cxb5 Re8 17. Qd2 Bf5 18. Nxf5 gxf5 19. Rfe1 Ned7 20. Bf4 Nb6 21.
Ra6 Ne4 22. Nxe4 fxe4 23. Bd1 Qf6 24. Ra2 Nc4 25. Qc1 Nxb2 26. Be2 Nd3 27. Bxd3
exd3 28. Rxe8+ Rxe8 29. b6 Rb8 30. Ra6 Bf8 31. Qd2 Qd4 32. b7 Rxb7 33. Ra8 Kg7
34. Bh6+ Kg6 35. Rxf8 Rb1+ 36. Kh2 Qe5+ 37. g3 Qf5 38. Rg8+ Kf6 39. Bg5+ Ke5 40.
Qe3+ Kxd5 41. Re8 Kc6 42. Rd8 c4 0-1

[Event "Women's Speed Chess Q7"]
[Site "chess.com INT"]
[Date "2021.06.06"]
[Round "13"]
[White "Frayna, Janelle Mae"]
[Black "Cori T., Deysi"]
[Result "1/2-1/2"]
[WhiteTitle "WGM"]
[BlackTitle "WGM"]
[WhiteElo "2179"]
[BlackElo "2388"]
[WhiteFideId "5212499"]
[BlackFideId "3801934"]
[EventDate "2021.06.06"]

1. d4 Nf6 2. c4 e6 3. Nc3 Bb4 4. f3 d5 5. cxd5 exd5 6. e3 O-O 7. Bd3 c5 8. Ne2
Nc6 9. O-O Re8 10. a3 cxd4 11. exd4 Ba5 12. Bg5 h6 13. Bxf6 Qxf6 14. Nxd5 Qh4
15. b4 Bd8 16. Kh1 Be6 17. Ndf4 Bc7 18. g3 Qf6 19. d5 Rad8 20. dxe6 Ne5 21. Qc2
Nxd3 22. Qxc7 fxe6 23. Nxd3 Rxd3 24. Nf4 Rd2 25. Qxb7 Qb2 26. Qxa7 e5 27. Qe3
Rf8 28. Rab1 Qc2 29. Rbc1 Qa2 30. Ra1 Qb2 31. Rfb1 Qc2 32. Rc1 Qb2 33. Rab1 Qa2
34. Qb3+ Qxb3 35. Rxb3 exf4 36. gxf4 Rxf4 37. b5 Rh4 38. b6 Rhxh2+ 39. Kg1 Rdg2+
40. Kf1 Rf2+ 41. Ke1 Re2+ 42. Kf1 Ref2+ 43. Kg1 Rfg2+ 44. Kf1 Rd2 45. Ke1 Rde2+
46. Kf1 Ref2+ 1/2-1/2

[Event "Women's Speed Chess Q7"]
[Site "chess.com INT"]
[Date "2021.06.06"]
[Round "13"]
[White "Garifullina, Leya"]
[Black "Jakubowska, Anna"]
[Result "1-0"]
[WhiteTitle "WGM"]
[BlackTitle "WIM"]
[WhiteElo "2399"]
[BlackElo "2073"]
[WhiteFideId "34127035"]
[BlackFideId "1121952"]
[EventDate "2021.06.06"]

1. e4 c6 2. d4 d5 3. Nc3 dxe4 4. Nxe4 Nf6 5. Nxf6+ exf6 6. c3 Bd6 7. Bd3 O-O 8.
Ne2 Re8 9. O-O Nd7 10. Bf4 Nf8 11. Bxd6 Qxd6 12. Qd2 Ng6 13. Ng3 Be6 14. b3 Rad8
15. Rad1 c5 16. Bxg6 hxg6 17. Qc2 Qc6 18. dxc5 Qxc5 19. h3 Rc8 20. Rc1 b5 21.
Qd2 Red8 22. Qf4 Qd6 23. Qf3 Qd3 24. Qb7 a5 25. Qb6 a4 26. bxa4 bxa4 27. Qa5 Ra8
28. Qb4 Rdb8 29. Qa3 Rc8 30. Rfe1 Qd2 31. Re2 Qd5 32. Nf1 Rc5 33. Rd2 Qc6 34.
Ne3 Rc8 35. Rdc2 f5 36. c4 f4 37. Nf1 Bf5 38. Rd2 Rxc4 39. Rcd1 Rc3 40. Qb4 Kh7
41. Qxf4 Rc4 42. Qg3 Rc1 43. Qh4+ Kg8 44. Rd8+ Rxd8 45. Rxd8+ Qe8 46. Rxe8# 1-0

[Event "Women's Speed Chess Q7"]
[Site "chess.com INT"]
[Date "2021.06.06"]
[Round "13"]
[White "Hng, Mei-En Emmanuelle"]
[Black "Mohota, Nisha"]
[Result "1-0"]
[WhiteTitle "WFM"]
[BlackTitle "IM"]
[WhiteElo "2013"]
[BlackElo "2195"]
[WhiteFideId "5804566"]
[BlackFideId "5004330"]
[EventDate "2021.06.06"]

1. e4 Nf6 2. e5 Nd5 3. d4 d6 4. Nf3 dxe5 5. dxe5 Bg4 6. Bc4 c6 7. h3 Bxf3 8.
Qxf3 e6 9. O-O Nd7 10. Re1 Qc7 11. Qg3 O-O-O 12. Bxd5 cxd5 13. Nc3 Kb8 14. Bg5
Rc8 15. Bf4 a6 16. Nxd5 Qxc2 17. Rac1 Qg6 18. Rxc8+ Kxc8 19. Qc3+ Kb8 20. Qc7+
Ka8 21. Qc8+ Nb8 22. Nc7+ Ka7 23. Be3+ b6 24. Bxb6+ Kxb6 25. Qxb8+ Kc6 26. Rc1+
Bc5 27. Qxh8 Qg5 28. Qe8+ Kb6 29. Rd1 Kxc7 30. Qd7+ Kb6 31. Qd8+ Kc6 32. Qxg5
Kb6 33. Qxg7 Kc6 34. Qxf7 Kb6 35. Qxe6+ Kb5 36. a4+ Kb4 37. Qd5 Kxa4 38. Rd4+
Ka5 39. b4+ Kb5 40. Qxc5+ Ka4 41. b5+ Kb3 42. Qc4+ Kb2 43. Rd2+ Kb1 44. Qb3+ Kc1
45. Qc2# 1-0

[Event "Women's Speed Chess Q7"]
[Site "chess.com INT"]
[Date "2021.06.06"]
[Round "13"]
[White "Belenkaya, Dina"]
[Black "Bommini, Mounika Akshaya"]
[Result "0-1"]
[WhiteTitle "WGM"]
[BlackTitle "WFM"]
[WhiteElo "2341"]
[BlackElo "2029"]
[WhiteFideId "24142654"]
[BlackFideId "25019872"]
[EventDate "2021.06.06"]

1. e4 Nc6 2. g3 d5 3. d3 dxe4 4. dxe4 Qxd1+ 5. Kxd1 Nf6 6. Bb5 Bg4+ 7. f3 O-O-O+
8. Ke1 Nd4 9. Bd3 Nxf3+ 10. Nxf3 Bxf3 11. Rf1 Bxe4 12. Bxe4 Nxe4 13. Rxf7 e6 14.
Nd2 Ng5 15. Rf1 Bd6 16. h4 Bxg3+ 17. Ke2 Bxh4 18. Rh1 Bg3 19. Nf1 Ne4 20. Nxg3
Nxg3+ 21. Kf3 Nxh1 22. Bg5 Rhf8+ 23. Kg2 Rd5 24. Be3 Re5 25. Bd4 Re4 26. c3 Re2+
27. Kxh1 Rxb2 28. Bxg7 Rf5 29. Bd4 e5 30. Bc5 b6 31. Be3 Rf3 32. Re1 e4 33. Bd4
c5 34. Be5 e3 35. Kg1 e2 36. c4 Rc2 37. Kg2 Rf5 38. Bg3 Kd7 39. Bh4 Kc6 40. Bg3
b5 41. cxb5+ Kxb5 42. Rb1+ Kc4 43. Be1 Kd3 44. Rb3+ Kd4 45. Bf2+ Kd5 46. Rd3+
Kc4 47. Rb3 e1=Q 48. Re3 Qxe3 0-1

[Event "Women's Speed Chess Q7"]
[Site "chess.com INT"]
[Date "2021.06.06"]
[Round "13"]
[White "Kabanova, Ekaterina"]
[Black "Balabayeva, Xeniya"]
[Result "0-1"]
[WhiteTitle "WFM"]
[BlackTitle "WFM"]
[WhiteElo "2138"]
[BlackElo "2116"]
[WhiteFideId "24112917"]
[BlackFideId "13719688"]
[EventDate "2021.06.06"]

1. c4 e5 2. e3 Nc6 3. a3 a5 4. Qc2 Nf6 5. b3 Bc5 6. Bb2 d6 7. d3 O-O 8. Nd2 Re8
9. Ngf3 Bf5 10. Nh4 Bd7 11. Nhf3 Qe7 12. Ne4 Nxe4 13. dxe4 Rf8 14. Bd3 g6 15. h4
f5 16. h5 fxe4 17. Bxe4 g5 18. h6 Kh8 19. Rh5 g4 20. Ng1 Qf7 21. Rg5 Rg8 22.
Rxg8+ Rxg8 23. g3 Ne7 24. Qe2 Rf8 25. Bxb7 c6 26. b4 axb4 27. axb4 Bxb4+ 28. Kd1
Rb8 29. Ra7 Be6 30. c5 dxc5 31. Bxe5+ Kg8 32. Bxb8 Bc4 33. Bxc6 Bxe2+ 34. Nxe2
Qb3+ 35. Kc1 Qc4+ 36. Kd1 Qd3+ 37. Kc1 Nxc6 38. Ra8 Qd2+ 39. Kb1 Qxe2 40. Bd6+
Kf7 41. Rf8+ Ke6 42. Bf4 Bc3 43. Re8+ Kd7 44. Kc1 Qd2+ 0-1

[Event "Women's Speed Chess Q7"]
[Site "chess.com INT"]
[Date "2021.06.06"]
[Round "13"]
[White "Von Herman, Brigitte"]
[Black "Pandey, Srishti"]
[Result "0-1"]
[WhiteTitle "WFM"]
[BlackTitle "WFM"]
[WhiteElo "1991"]
[BlackElo "2026"]
[WhiteFideId "4628730"]
[BlackFideId "35093290"]
[EventDate "2021.06.06"]

1. e4 e6 2. d4 d5 3. Nc3 Bb4 4. exd5 exd5 5. Bd3 Nf6 6. Qf3 Nbd7 7. Ne2 O-O 8.
O-O c6 9. Ng3 Re8 10. Nh5 Nxh5 11. Qxh5 Nf6 12. Qf3 Bg4 13. Qg3 Bd6 14. Qh4 Qd7
15. h3 Bf5 16. Bg5 Ne4 17. Bf4 Be7 18. Qh5 Bg6 19. Qf3 Bf6 20. Ne2 c5 21. dxc5
Bxb2 22. Rab1 Bf6 23. Bb5 Qd8 24. Bxe8 Qxe8 25. Rxb7 Nxc5 26. Rbb1 Be4 27. Qa3
Ne6 28. Bg3 Bxc2 29. Rbc1 Bd3 30. Nf4 Nxf4 31. Bxf4 Bxf1 32. Rxf1 d4 33. Rd1 Qd7
34. Qd3 h6 35. Bg3 a5 36. Qc4 a4 37. Rd3 Rc8 38. Qb4 Rc6 39. Kh2 Kh7 40. Ra3 Ra6
41. Qc4 Ra7 42. Qd3+ g6 43. f3 Be7 44. Bf2 Bxa3 45. Qxa3 Rb7 46. Qd3 Rb4 47. a3
Rb3 48. Qxd4 Qxd4 49. Bxd4 Rxa3 50. Bc5 Ra1 51. Kg3 a3 0-1

[Event "Women's Speed Chess Q7"]
[Site "chess.com INT"]
[Date "2021.06.06"]
[Round "13"]
[White "Nandhidhaa, P V"]
[Black "Fominykh, Maria"]
[Result "1/2-1/2"]
[WhiteTitle "WGM"]
[BlackTitle "WGM"]
[WhiteElo "2365"]
[BlackElo "2206"]
[WhiteFideId "5050847"]
[BlackFideId "4142411"]
[EventDate "2021.06.06"]

1. e4 d6 2. d4 Nf6 3. Nc3 Nbd7 4. Nf3 e5 5. Bc4 Be7 6. O-O O-O 7. h3 c6 8. a4 a5
9. Re1 Nb6 10. Bb3 Nfd7 11. Be3 exd4 12. Nxd4 Nc5 13. Nf5 Bxf5 14. exf5 d5 15.
f6 gxf6 16. Ne2 Kh8 17. Nd4 Nxb3 18. cxb3 Bc5 19. Nxc6 Qd6 20. Nd4 Rac8 21. Nf5
Qd7 22. Qf3 d4 23. Bxd4 Bxd4 24. Rad1 Qc6 25. Qxc6 Bxf2+ 26. Kxf2 Rxc6 27. Re2
Rfc8 28. g4 Rc5 29. Red2 h5 30. Rd8+ Kh7 31. Rxc8 Nxc8 32. Rd7 Kg6 33. Rd8 hxg4
34. hxg4 Nb6 35. Rg8+ Kh7 36. Rg7+ Kh8 37. Rxf7 Rc2+ 38. Kf3 Rxb2 39. Rxf6 Rxb3+
40. Kf4 Nd5+ 41. Kg5 Nxf6 42. Kxf6 Rb4 43. g5 Rxa4 44. g6 Rg4 45. g7+ Rxg7 46.
Nxg7 a4 47. Nf5 a3 48. Nd4 b5 49. Nb3 b4 50. Ke5 Kg7 51. Kd4 Kf6 52. Kc4 Ke5 53.
Kxb4 Ke4 54. Kxa3 1/2-1/2

[Event "Women's Speed Chess Q7"]
[Site "chess.com INT"]
[Date "2021.06.06"]
[Round "13"]
[White "Bivol, Alina"]
[Black "Dong, Khanh Linh"]
[Result "1-0"]
[WhiteTitle "WGM"]
[BlackTitle "WCM"]
[WhiteElo "2374"]
[BlackElo "1970"]
[WhiteFideId "4100123"]
[BlackFideId "12403040"]
[EventDate "2021.06.06"]

1. d4 Nf6 2. c4 e6 3. Nc3 b6 4. Nf3 Be7 5. g3 O-O 6. Bg2 Ba6 7. b3 c5 8. O-O Nc6
9. d5 exd5 10. cxd5 Na5 11. d6 Bxd6 12. Qxd6 Nb7 13. Qf4 d5 14. Qh4 d4 15. Ne4
Nxe4 16. Qxe4 Re8 17. Ne5 Rb8 18. Bf4 Nd6 19. Qd5 Bb7 20. Nc6 Bxc6 21. Qxc6 Nf5
22. Bxb8 Qxb8 23. Qf3 Nd6 24. Rad1 Nb5 25. Rd2 Nc3 26. b4 Re7 27. bxc5 bxc5 28.
Qa8 Qxa8 29. Bxa8 Nxe2+ 30. Kg2 c4 31. Rb1 g6 32. Bf3 d3 33. Bxe2 dxe2 34. Re1
c3 35. Rdxe2 Rc7 36. Rc2 Kg7 37. Re3 a5 38. Rexc3 Rb7 39. Rc5 a4 40. R5c4 a3 41.
R2c3 Ra7 42. Rb4 Ra6 43. Rbb3 h5 44. Rxa3 Rf6 45. Ra7 Rd6 46. a4 h4 47. Rcc7 Rd4
48. Rxf7+ Kh6 49. Rh7+ Kg5 50. Rxh4 Rd2 51. Ra5+ Kf6 52. Rf4+ Kg7 53. h4 Kh6 54.
g4 Kh7 55. g5 Rd7 56. Ra6 Kg7 57. Raf6 Kh7 58. Rf7+ Rxf7 59. Rxf7+ Kg8 60. Rb7
Kf8 61. a5 Ke8 62. a6 Kd8 63. a7 Kc8 64. a8=Q# 1-0

[Event "Women's Speed Chess Q7"]
[Site "chess.com INT"]
[Date "2021.06.06"]
[Round "13"]
[White "Varshini, V"]
[Black "Pourkashiyan, Atousa"]
[Result "0-1"]
[WhiteTitle "WGM"]
[BlackTitle "WGM"]
[WhiteElo "2226"]
[BlackElo "2322"]
[WhiteFideId "5091241"]
[BlackFideId "12502014"]
[EventDate "2021.06.06"]

1. e4 c5 2. Nc3 a6 3. Nge2 b5 4. g3 e6 5. Bg2 Bb7 6. d3 b4 7. Nb1 Nc6 8. O-O Nf6
9. f4 d6 10. h3 h5 11. Be3 Be7 12. Nd2 Rc8 13. Nf3 d5 14. e5 Nd7 15. c3 bxc3 16.
bxc3 d4 17. cxd4 cxd4 18. Nexd4 Nxd4 19. Bxd4 Nc5 20. Bxc5 Bxc5+ 21. Kh2 O-O 22.
d4 Be7 23. Rb1 Bd5 24. h4 Bxa2 25. Rb2 Bc4 26. Re1 a5 27. Rc2 Bd5 28. Rxc8 Qxc8
29. Ng5 Bxg2 30. Kxg2 Bxg5 31. hxg5 g6 32. Rh1 Qc6+ 33. Kf2 Rb8 34. Qd2 a4 35.
Rc1 Qe4 36. Rc2 Rb3 37. Qe2 Qxd4+ 38. Kg2 Qd5+ 39. Kh2 Rb1 40. Qg2 Qxg2+ 41.
Kxg2 a3 42. Kf3 Kg7 43. Ra2 Rb3+ 44. Ke4 Rxg3 45. Rh2 Rb3 46. Ra2 h4 47. Kd4 h3
48. Kc4 Rf3 49. Kb4 Rxf4+ 50. Kxa3 Rf5 51. Rh2 Rxg5 52. Rxh3 Rxe5 53. Kb4 Rd5
54. Kc4 g5 55. Rg3 Kg6 56. Rf3 g4 57. Rg3 f5 58. Rd3 Rxd3 59. Kxd3 Kg5 0-1

[Event "Women's Speed Chess Q7"]
[Site "chess.com INT"]
[Date "2021.06.06"]
[Round "13"]
[White "Szente Varga, Fruzsina"]
[Black "Zawadzka, Jolanta"]
[Result "0-1"]
[WhiteTitle "WFM"]
[BlackTitle "WGM"]
[WhiteElo "2100"]
[BlackElo "2403"]
[WhiteFideId "712264"]
[BlackFideId "1122320"]
[EventDate "2021.06.06"]

1. e4 c5 2. Nf3 Nc6 3. Bb5 d6 4. d4 cxd4 5. Qxd4 Bd7 6. Qd3 Nf6 7. c4 a6 8. Bxc6
Bxc6 9. Nc3 Qc7 10. O-O e6 11. h3 Be7 12. Be3 O-O 13. b4 b6 14. Rac1 Qb7 15. Nd2
b5 16. cxb5 axb5 17. Nb3 Bxe4 18. Nxe4 Qxe4 19. Qxb5 Rxa2 20. Rc7 Nd5 21. Rc4
Qg6 22. Bc1 h6 23. Rg4 Qf5 24. Nd4 Qh5 25. Nc6 Bf6 26. Qb7 Qf5 27. Bxh6 Kh7 28.
Bc1 Rc2 29. b5 Qd3 30. Nb4 Nxb4 31. Rxb4 d5 32. Rg4 Bd4 33. Qe7 Rfc8 34. Qxf7
Rxc1 35. Qh5+ Kg8 36. Rxc1 Rxc1+ 37. Kh2 Rc8 38. b6 Bf6 39. Qh6 Kf7 40. Qh5+ Ke7
41. b7 Rb8 42. Rb4 Qc3 43. Qg4 Qxb4 44. Qxb4+ Kd7 45. Qb5+ Kc7 46. Qc5+ Kxb7 47.
Qd6 Rd8 48. Qxe6 d4 49. Qe4+ Kb6 50. Qd3 Kc5 51. f4 Re8 52. g4 Re3 53. Qc2+ Rc3
54. Qf5+ Kc4 55. Qe6+ Kd3 56. g5 Bd8 57. h4 Kc2 58. h5 d3 59. Qa2+ Kc1 60. Qa1+
Kc2 61. Qa7 d2 62. Qa4+ Kc1 63. h6 gxh6 64. gxh6 d1=Q 65. Qxd1+ Kxd1 66. h7 Bf6
67. Kg2 Bh8 0-1

[Event "Women's Speed Chess Q7"]
[Site "chess.com INT"]
[Date "2021.06.06"]
[Round "13"]
[White "Vo, Thi Kim Phung"]
[Black "Dordzhieva, Dinara"]
[Result "1-0"]
[WhiteTitle "WGM"]
[BlackTitle "WGM"]
[WhiteElo "2335"]
[BlackElo "2311"]
[WhiteFideId "12401838"]
[BlackFideId "24157570"]
[EventDate "2021.06.06"]

1. d4 Nf6 2. c4 e6 3. Nc3 d5 4. cxd5 exd5 5. Bg5 Be7 6. e3 c6 7. Bd3 g6 8. Qc2
Nbd7 9. Nf3 Nh5 10. Bh6 Bf8 11. Bxf8 Nxf8 12. h3 Ng7 13. b4 Bf5 14. b5 Nfe6 15.
bxc6 bxc6 16. O-O Bxd3 17. Qxd3 Nf5 18. Na4 Qa5 19. Qb3 O-O 20. Ne5 Rfc8 21.
Rac1 Rab8 22. Qc2 Rb4 23. Nc5 Nxc5 24. Qxc5 Rb5 25. Qc2 c5 26. dxc5 Rbxc5 27.
Qb1 d4 28. Rxc5 Qxc5 29. exd4 Qxd4 30. Nf3 Qc5 31. Qb3 Kg7 32. Ng5 Nd6 33. Nf3
h6 34. Qb2+ Kh7 35. Re1 Nf5 36. Qe2 Rd8 37. Qb2 Rc8 38. Rf1 Re8 39. Qb3 Re2 40.
Qxf7+ Ng7 41. Qf4 Rxa2 42. Qg3 a5 43. Nh4 Qb6 44. Nf3 a4 45. Qf4 a3 46. Qa4 Qc5
47. Qb3 Rb2 48. Qf7 a2 49. Nh4 Qb6 50. Qe7 Rb1 51. Qe5 a1=Q 52. Qxa1 Rxa1 53.
Rxa1 g5 54. Nf3 Nf5 55. Rf1 Nd6 56. Nh2 Ne4 57. Ng4 Kg7 58. Ne3 h5 59. Nf5+ Kf6
60. Ne3 Qc5 61. Re1 Nd2 62. Re2 Ne4 63. Re1 Qc3 64. Rf1 Nd2 65. Nd5+ Ke5 66.
Nxc3 Nxf1 67. Kxf1 g4 68. Ne2 gxh3 69. gxh3 Kf5 70. Kg2 Kg5 71. Ng1 Kh4 72. Nf3# 1-0

[Event "Women's Speed Chess Q7"]
[Site "chess.com INT"]
[Date "2021.06.06"]
[Round "13"]
[White "Nikolova, Adriana"]
[Black "Purtseladze, Maka"]
[Result "0-1"]
[WhiteTitle "WGM"]
[BlackTitle "IM"]
[WhiteElo "2243"]
[BlackElo "2274"]
[WhiteFideId "2908689"]
[BlackFideId "13602659"]
[EventDate "2021.06.06"]

1. e4 c6 2. d4 d5 3. Nc3 dxe4 4. Nxe4 Nf6 5. Nxf6+ gxf6 6. c3 Bf5 7. Nf3 e6 8.
Bd3 Bg6 9. Bxg6 hxg6 10. h3 Bd6 11. Be3 Nd7 12. Qe2 Nb6 13. Nd2 Nd5 14. Nc4 b5
15. Nxd6+ Qxd6 16. Bd2 g5 17. Qf3 a5 18. a4 Ke7 19. axb5 cxb5 20. b3 Rhc8 21.
Rc1 a4 22. bxa4 Rxa4 23. O-O Ra2 24. Qd3 Qc6 25. Rfe1 Qc4 26. Qxc4 Rxc4 27. Red1
Kd6 28. Be1 Kc6 29. g3 Ra3 30. Rd3 b4 31. Rf3 bxc3 32. h4 g4 33. Rd3 Ra8 34.
Bxc3 Ra3 35. h5 Nxc3 36. Kg2 Kd5 37. h6 Ra8 38. h7 Ne4 39. Rxc4 Kxc4 40. Rd1 Kd5
41. Rh1 Rh8 42. Rh4 Ng5 43. Rxg4 Rxh7 44. Rf4 Ne4 45. f3 Nd6 46. Rxf6 Kxd4 47.
Rf4+ Kd5 48. Ra4 e5 49. g4 Ke6 50. Kg3 Rg7 51. Ra6 f5 52. Kh4 fxg4 53. fxg4 Rf7
54. g5 e4 55. g6 Rf1 56. Kg5 Rg1+ 57. Kh6 Ke7 58. g7 Nf5+ 59. Kh7 Nxg7 60. Kh8
Kf7 61. Ra7+ Kf6 62. Rxg7 Rh1+ 63. Kg8 Kf5 64. Rf7+ Kg4 65. Re7 Kf3 66. Kf7 e3
67. Kg6 e2 68. Rf7+ Ke3 69. Re7+ Kd3 70. Rd7+ Kc4 71. Rc7+ Kd5 72. Rd7+ Kc6 73.
Re7 e1=Q 74. Rxe1 Rxe1 75. Kf5 Kd5 76. Kf4 Re5 77. Kf3 Re4 78. Kf2 Ke5 79. Kg3
Rf4 80. Kg2 Kf5 81. Kh3 Kg5 82. Kh2 Rf3 83. Kh1 Kg4 84. Kh2 Rf2+ 85. Kh1 Kg3 86.
Kg1 Rf4 87. Kh1 Rf1# 0-1

[Event "Women's Speed Chess Q7"]
[Site "chess.com INT"]
[Date "2021.06.06"]
[Round "14"]
[White "Buksa, Nataliya"]
[Black "Gunina, Valentina"]
[Result "1-0"]
[WhiteTitle "IM"]
[BlackTitle "GM"]
[WhiteElo "2413"]
[BlackElo "2436"]
[WhiteFideId "14123622"]
[BlackFideId "4167570"]
[EventDate "2021.06.06"]

1. d4 d5 2. Nc3 Nf6 3. Bf4 c6 4. e3 Bf5 5. Nf3 e6 6. Ne5 Bd6 7. g4 Be4 8. f3 Bg6
9. h4 h5 10. Nxg6 fxg6 11. Qd3 Kf7 12. O-O-O Bxf4 13. exf4 Qd6 14. f5 gxf5 15.
gxf5 Qf4+ 16. Kb1 Qxf5 17. Qe3 Re8 18. Bd3 1-0

[Event "Women's Speed Chess Q7"]
[Site "chess.com INT"]
[Date "2021.06.06"]
[Round "14"]
[White "Purtseladze, Maka"]
[Black "Koridze, Lile"]
[Result "0-1"]
[WhiteTitle "IM"]
[BlackTitle "WFM"]
[WhiteElo "2274"]
[BlackElo "2016"]
[WhiteFideId "13602659"]
[BlackFideId "13612514"]
[EventDate "2021.06.06"]

1. b3 d5 2. Bb2 e6 3. e3 Nf6 4. Nf3 Be7 5. Ne5 O-O 6. d4 c5 7. Bd3 Nc6 8. O-O
Qc7 9. Nxc6 bxc6 10. Nd2 cxd4 11. exd4 c5 12. Nf3 Bb7 13. dxc5 Qxc5 14. Qe2 h6
15. Bd4 Qc7 16. Ne5 Bc5 17. Bb2 d4 18. f3 Bd6 19. Rae1 Bc5 20. Ng4 Nxg4 21. fxg4
Rad8 22. Be4 d3+ 0-1

[Event "Women's Speed Chess Q7"]
[Site "chess.com INT"]
[Date "2021.06.06"]
[Round "14"]
[White "Mohota, Nisha"]
[Black "Tarasova, Viktoriya"]
[Result "1-0"]
[WhiteTitle "IM"]
[BlackTitle "WIM"]
[WhiteElo "2195"]
[BlackElo "2226"]
[WhiteFideId "5004330"]
[BlackFideId "4175840"]
[EventDate "2021.06.06"]

1. b3 Nf6 2. Bb2 d5 3. e3 c5 4. f4 e6 5. Nf3 Bd6 6. Be2 Nc6 7. Ne5 O-O 8. O-O
Nd7 9. Nxc6 bxc6 10. d3 f6 11. c4 e5 12. Nc3 d4 13. Ne4 Be7 14. Qd2 f5 15. Ng3
g6 16. exd4 exd4 17. Bf3 Qc7 18. Rae1 Bf6 19. Re6 Nb6 20. Rxc6 Qf7 21. Rxb6 1-0

[Event "Women's Speed Chess Q7"]
[Site "chess.com INT"]
[Date "2021.06.06"]
[Round "14"]
[White "Priyanka, K"]
[Black "Vine, Elzbieta"]
[Result "1-0"]
[WhiteTitle "WIM"]
[BlackTitle "WFM"]
[WhiteElo "2218"]
[BlackElo "2138"]
[WhiteFideId "5082986"]
[BlackFideId "1119320"]
[EventDate "2021.06.06"]

1. e4 c5 2. Nf3 Nc6 3. d4 cxd4 4. Nxd4 Nf6 5. Nc3 h5 6. Bc4 e6 7. Ndb5 d6 8. Bg5
a6 9. Bxf6 gxf6 10. Nd4 Ne5 11. Bb3 Qc7 12. Qe2 Bh6 13. g3 h4 14. f4 Ng6 15.
O-O-O e5 16. Nd5 Qd8 17. Nf5 Bxf5 18. exf5 1-0